Visualizzazione normale
Vista MARC
- Arribas Magro, María del Carmen
di Personal Name
Records bibliografici associati: 1
001 - CONTROL NUMBER
- control field: 46217
003 - CONTROL NUMBER IDENTIFIER
- control field: IT-RoINE
005 - DATE AND TIME OF LATEST TRANSACTION
- control field: 20180316071232.0
008 - FIXED-LENGTH DATA ELEMENTS
- fixed length control field: 180316|| aca||aabn | a|a d
040 ## - CATALOGING SOURCE
- Original cataloging agency: IT-RoINE
- Transcribing agency: IT-RoINE
100 ## - HEADING--PERSONAL NAME
- Personal name: Arribas Magro, María del Carmen
670 ## - SOURCE DATA FOUND
- Source citation: Work cat.: (IT-RoINE)0: Arribas Magro, María del Carmen, Las Merindades de Burgos, 300 a.C-1560 /, D. L. 2016.